Back to School Typing Blitz Quiz Stats

 Plays Quiz Updated Dec 23, 2018

Support Sporcle.
Go Orange.
Score 0/54 Timer 01:00
4 Plays Today
Type This Word % Correct
????
100%
????
99.6%
????
99.2%
????
98.8%
????
98.6%
????
98.4%
????
98.1%
????
97.9%
????
97.7%
????
97.5%
????
97.3%
????
97.1%
????
96.9%
????
96.8%
????
96.5%
????
96.3%
????
96.1%
????
95.8%
????
95.5%
????
95.1%
????
94.7%
????
94.1%
????
93.6%
????
93%
????
92.2%
????
91.2%
????
90.3%
Type This Word % Correct
????
88.9%
????
87.6%
????
85.9%
????
84%
????
81.3%
????
78.3%
????
75.2%
????
71.9%
????
68.2%
????
64.5%
????
59.2%
????
54.9%
????
49.7%
????
43.1%
????
37.7%
????
32.7%
????
26.9%
????
21.1%
????
17.3%
????
13.6%
????
10.5%
????
8.1%
????
5.8%
????
4.1%
????
2.5%
????
1.4%
????
0.6%

From the Vault

10 Closest Capitals to Juba

by Tom007

We thought about asking for the 10 furthest capitals, but that seems like a lot of math.
Remove Ads.
Support Sporcle.
Get the best of Sporcle when you Go Orange. This ad-free experience offers more features, more stats, and more fun while also helping to support Sporcle. Thank you for becoming a member.

Show Comments

Extras

Top Quizzes Today


Score Distribution

Your Account Isn't Verified!

In order to create a playlist on Sporcle, you need to verify the email address you used during registration. Go to your Sporcle Settings to finish the process.

Report this User

Report this user for behavior that violates our Community Guidelines.

Details: